Phương pháp tính và các thuật toán /
Sai số. Phép nội suy. Xấp xỉ đều. Xấp xỉ trung bình bình phương, phương pháp bình phương tối thiểu. Đạo hàm và tích phân bằng số. Phương trình đại số và siêu việt. Phương pháp tính đại số tuyến tính.
Guardat en:
| Autor principal: | |
|---|---|
| Altres autors: | |
| Format: | Llibre |
| Idioma: | Vietnamese |
| Publicat: |
Hà Nội :
Giáo dục,
2000.
|
| Matèries: | |
| Etiquetes: |
Afegir etiqueta
Sense etiquetes, Sigues el primer a etiquetar aquest registre!
|
| Thư viện lưu trữ: | Mạng thư viện Đại học Đà Nẵng |
|---|
| LEADER | 01120cam a2200349 i 4500 | ||
|---|---|---|---|
| 001 | 000043110 | ||
| 003 | 985 | ||
| 005 | 20030916092957.0 | ||
| 008 | 010217b2000 vm 000 vie | ||
| 020 | |c 21400 | ||
| 022 | |a T | ||
| 040 | |a IRC |c IRC |d IRC | ||
| 041 | 0 | |a vie | |
| 082 | 1 | 4 | |a 515 |b PH-H |
| 100 | 1 | |a Phan Văn Hạp. | |
| 245 | 0 | 0 | |a Phương pháp tính và các thuật toán / |c Phan Văn Hạp, Lê Đình Thịnh. |
| 260 | |a Hà Nội : |b Giáo dục, |c 2000. | ||
| 300 | |a 400tr. ; |c 20,3cm. | ||
| 520 | 3 | |a Sai số. Phép nội suy. Xấp xỉ đều. Xấp xỉ trung bình bình phương, phương pháp bình phương tối thiểu. Đạo hàm và tích phân bằng số. Phương trình đại số và siêu việt. Phương pháp tính đại số tuyến tính. | |
| 630 | 0 | 4 | |a Toán học. |
| 650 | 0 | 4 | |a Toán học. |
| 700 | 1 | |a Lê Đình Thịnh. | |
| OWN | |a DUT | ||
| 999 | |a From the UDN01 | ||
| TYP | |a Monograph | ||
| TYP | |a Printed language | ||
| 980 | |a Mạng thư viện Đại học Đà Nẵng | ||